[Event "Titled Tuesday intern op 02nd Apr Late"]
[Site "Chess.com INT"]
[Date "2024.04.02"]
[Round "6"]
[White "Curi, Gabriel"]
[Black "Filgueira, Hernan"]
[Result "0-1"]
[WhiteElo "2106"]
[BlackElo "2283"]
[PlyCount "90"]
[EventDate "2024.04.02"]
[EventType "swiss (blitz)"]
[EventRounds "11"]
[EventCountry "USA"]
[SourceTitle "CB15_2024"]
[SourceDate "2024.04.10"]
[SourceVersion "1"]
[SourceVersionDate "2024.04.10"]
[SourceQuality "1"]

1. d4 Nf6 2. c4 e6 3. Nc3 Bb4 4. f3 d5 5. a3 Be7 6. e4 dxe4 7. fxe4 e5 8. d5 Bc5 9. Bg5 h6 10. Bh4 Bd4 11. Nf3 Bxc3+ 12. bxc3 Nbd7 13. Bd3 Qe7 14. 0-0 Nc5 15. Bg3 Bg4 16. h3 Bxf3 17. Qxf3 Nfd7 18. Bc2 a5 19. Qg4 0-0 20. Bh4 f6 21. Rf2 Ra6 22. Rb1 Rb6 23. Rxb6 Nxb6 24. Qe2 Nc8 25. Rf1 Nd6 26. Bf2 b6 27. Bxc5 bxc5 28. Rb1 f5 29. exf5 e4 30. Re1 Re8 31. g4 Qe5 32. Qe3 Rb8 33. Kg2 Rb2 34. Re2 Nxc4 35. Qg3 Qxg3+ 36. Kxg3 Nxa3 37. Kf4 Rxc2 38. Rxe4 Rxc3 39. Re7 Rc4+ 40. Ke5 Nb5 41. g5 Nd6 42. f6 Nf7+ 43. Ke6 Nxg5+ 44. Kd7 gxf6 45. Kc6 Rc1 0-1

[Event "Titled Tuesday intern op 02nd Apr Early"]
[Site "Chess.com INT"]
[Date "2024.04.02"]
[Round "3"]
[White "Filgueira, Hernan"]
[Black "Narva, Triin"]
[Result "1-0"]
[WhiteElo "2283"]
[BlackElo "2079"]
[PlyCount "57"]
[EventDate "2024.04.02"]
[EventType "swiss (blitz)"]
[EventRounds "11"]
[EventCountry "USA"]
[SourceTitle "CB15_2024"]
[SourceDate "2024.04.10"]
[SourceVersion "1"]
[SourceVersionDate "2024.04.10"]
[SourceQuality "1"]

1. e4 d5 2. exd5 Qxd5 3. Nc3 Qd6 4. g3 Nf6 5. Bg2 Nc6 6. Nge2 Bg4 7. h3 Bh5 8. d3 e5 9. Be3 a6 10. Qd2 0-0-0 11. 0-0-0 Nd4 12. g4 Bg6 13. f4 Nxe2+ 14. Nxe2 exf4 15. Nxf4 Qb4 16. Qf2 Bd6 17. Rhf1 Rhe8 18. Bd2 Qa4 19. Kb1 Qb5 20. g5 Bxf4 21. Bxf4 Nd5 22. Bxd5 Rxd5 23. Qa7 Re2 24. Rfe1 Rxe1 25. Rxe1 f6 26. Qa8+ Kd7 27. Qf8 fxg5 28. Qxg7+ Kc6 29. Qxc7# 1-0

[Event "Titled Tuesday intern op 02nd Apr Late"]
[Site "Chess.com INT"]
[Date "2024.04.02"]
[Round "7"]
[White "Filgueira, Hernan"]
[Black "Nigalidze, Gaioz"]
[Result "0-1"]
[WhiteElo "2283"]
[BlackElo "2373"]
[PlyCount "130"]
[EventDate "2024.04.02"]
[EventType "swiss (blitz)"]
[EventRounds "11"]
[EventCountry "USA"]
[SourceTitle "CB15_2024"]
[SourceDate "2024.04.10"]
[SourceVersion "1"]
[SourceVersionDate "2024.04.10"]
[SourceQuality "1"]

1. e4 e5 2. Nf3 Nc6 3. d4 exd4 4. Bc4 Bc5 5. c3 d3 6. Qxd3 d6 7. b4 Bb6 8. Nbd2 Nf6 9. 0-0 0-0 10. a4 a5 11. b5 Ne7 12. Ba3 Nd7 13. Ba2 Ng6 14. Nc4 Bc5 15. Bb2 Qf6 16. Nd4 Nf4 17. Qf3 Ne5 18. Nxe5 dxe5 19. Nf5 g6 20. c4 gxf5 21. Qxf4 exf4 22. Bxf6 fxe4 23. Rae1 Bf5 24. Rd1 c6 25. Bb1 Rfe8 26. Kh1 Re6 27. Bb2 Rae8 28. Rde1 Bg6 29. Re2 e3 30. f3 Bxb1 31. Rxb1 Rd6 32. g3 Rd5 33. Rbe1 Rd3 34. gxf4 f5 35. Rg2+ Kf7 36. Rg7+ Ke6 37. Rxh7 Bd4 38. Bxd4 Kd6 39. Rxe3 Rd1+ 40. Kg2 Rg8+ 41. Kh3 Rxd4 42. Re5 Rxf4 43. Ree7 Kc5 44. Rh6 Rxf3+ 45. Kh4 Rf4+ 46. Kh5 Rf3 47. h4 Rf4 48. Rf6 Rxc4 49. Rh6 Kb4 50. bxc6 bxc6 51. Rb7+ Kxa4 52. Rf7 f4 53. Rf5 f3 54. Rhf6 f2 55. Rxf2 Rc5+ 56. R2f5 Kb5 57. Rxc5+ Kxc5 58. Rg6 Rh8+ 59. Kg5 Rc8 60. h5 a4 61. h6 a3 62. Rg7 Rh8 63. h7 a2 64. Rg8 Rxh7 65. Rh8 Rxh8 0-1

[Event "Titled Tuesday intern op 02nd Apr Late"]
[Site "Chess.com INT"]
[Date "2024.04.02"]
[Round "4"]
[White "Filgueira, Hernan"]
[Black "Pakleza, Zbigniew"]
[Result "1-0"]
[WhiteElo "2283"]
[BlackElo "2489"]
[PlyCount "81"]
[EventDate "2024.04.02"]
[EventType "swiss (blitz)"]
[EventRounds "11"]
[EventCountry "USA"]
[SourceTitle "CB15_2024"]
[SourceDate "2024.04.10"]
[SourceVersion "1"]
[SourceVersionDate "2024.04.10"]
[SourceQuality "1"]

1. e4 d6 2. d4 Nf6 3. f3 Nbd7 4. c4 e5 5. Ne2 Be7 6. Nbc3 0-0 7. Be3 c6 8. d5 Nh5 9. Qd2 c5 10. g3 a6 11. a4 g6 12. Bg2 f5 13. Bh6 Ng7 14. exf5 gxf5 15. b3 Kh8 16. 0-0 Nf6 17. a5 Ng8 18. Be3 Bd7 19. Na4 Bf6 20. Nb6 Rb8 21. Rab1 Be8 22. f4 e4 23. b4 cxb4 24. Qxb4 h5 25. c5 Bb5 26. Rf2 Nh6 27. Bh3 dxc5 28. Bxc5 Rf7 29. Nd4 Bd3 30. Re1 Ng4 31. Bxg4 fxg4 32. f5 Kh7 33. Ne6 Qe8 34. Bd4 Be7 35. d6 Bf8 36. Ng5+ Kh8 37. Nxf7+ Qxf7 38. Qc5 Rd8 39. Qc7 Kg8 40. Qxd8 Qb3 41. Nd7 1-0

[Event "Titled Tuesday intern op 02nd Apr Late"]
[Site "Chess.com INT"]
[Date "2024.04.02"]
[Round "1"]
[White "Filgueira, Hernan"]
[Black "Wang, Alexander J"]
[Result "1-0"]
[WhiteElo "2283"]
[BlackElo "1911"]
[PlyCount "63"]
[EventDate "2024.04.02"]
[EventType "swiss (blitz)"]
[EventRounds "11"]
[EventCountry "USA"]
[SourceTitle "CB15_2024"]
[SourceDate "2024.04.10"]
[SourceVersion "1"]
[SourceVersionDate "2024.04.10"]
[SourceQuality "1"]

1. e4 c5 2. Nc3 d6 3. f4 Nc6 4. Nf3 g6 5. Bb5 Bg7 6. Bxc6+ bxc6 7. 0-0 e6 8. d3 Ne7 9. Rb1 0-0 10. Bd2 Rb8 11. b3 Bd7 12. Qe1 d5 13. e5 d4 14. Na4 Rb5 15. Ng5 h6 16. Ne4 Nd5 17. Naxc5 Nc3 18. Bxc3 dxc3 19. a4 Rb4 20. Qxc3 Qb6 21. Kh1 Bc8 22. a5 Qxa5 23. Ra1 Qb6 24. Nf6+ Bxf6 25. exf6 Rb5 26. d4 Rd8 27. Rad1 Rd5 28. Qg3 Qd8 29. c4 Rxd4 30. Rxd4 Qxd4 31. cxb5 Qxc5 32. Qd3 1-0

[Event "Titled Tuesday intern op 02nd Apr Early"]
[Site "Chess.com INT"]
[Date "2024.04.02"]
[Round "5"]
[White "Shishkov, Andrei"]
[Black "Filgueira, Hernan"]
[Result "0-1"]
[WhiteElo "2340"]
[BlackElo "2283"]
[PlyCount "90"]
[EventDate "2024.04.02"]
[EventType "swiss (blitz)"]
[EventRounds "11"]
[EventCountry "USA"]
[SourceTitle "CB15_2024"]
[SourceDate "2024.04.10"]
[SourceVersion "1"]
[SourceVersionDate "2024.04.10"]
[SourceQuality "1"]

1. d4 Nf6 2. c4 e6 3. Nc3 Bb4 4. Qc2 Nc6 5. Nf3 d6 6. Bd2 0-0 7. a3 Bxc3 8. Bxc3 a5 9. e3 Qe7 10. Be2 e5 11. dxe5 dxe5 12. h3 g6 13. b3 Bf5 14. Qb2 Rfe8 15. 0-0 Ne4 16. Be1 Nc5 17. Rd1 Ne4 18. Nd2 Ng5 19. f3 Nxh3+ 20. gxh3 Bxh3 21. Rf2 Qg5+ 22. Kh1 Bf5 23. Nf1 e4 24. f4 Qe7 25. Rh2 f6 26. Ng3 Be6 27. Bc3 Rf8 28. f5 Bxf5 29. Nxf5 gxf5 30. Rg1+ Kh8 31. Rh6 Ne5 32. Rxf6 Rxf6 33. Bxe5 Raf8 34. Qd4 h6 35. Rg2 Kh7 36. Bxf6 Rxf6 37. Kg1 Rd6 38. Qc5 Rd1+ 39. Bxd1 Qxc5 40. Kf2 Qxa3 41. Kf1 Qc5 42. Rg3 a4 43. bxa4 f4 44. Be2 fxg3 45. Kg2 Qxe3 0-1

[Event "Titled Tuesday intern op 27th Feb Late"]
[Site "Chess.com INT"]
[Date "2024.02.27"]
[Round "11"]
[White "Filgueira, Hernan"]
[Black "Diaz Perez, Michel Alejandro"]
[Result "1-0"]
[WhiteElo "2283"]
[BlackElo "2461"]
[PlyCount "105"]
[EventDate "2024.02.27"]
[EventType "swiss (blitz)"]
[EventRounds "11"]
[EventCountry "USA"]
[SourceTitle "CB10_2024"]
[SourceDate "2024.03.06"]
[SourceVersion "1"]
[SourceVersionDate "2024.03.06"]
[SourceQuality "1"]

1. e4 e5 2. Nf3 Nc6 3. d4 exd4 4. Bc4 Bc5 5. 0-0 Nf6 6. e5 d5 7. Bb5 Ne4 8. Nxd4 Bd7 9. Bxc6 bxc6 10. Be3 Bb6 11. Nc3 Nxc3 12. bxc3 0-0 13. f4 Qe7 14. Qd2 c5 15. Nb3 Bc6 16. Qf2 d4 17. cxd4 c4 18. Nc5 Bxc5 19. dxc5 Rad8 20. Bd4 Qd7 21. c3 Qf5 22. Rae1 Rfe8 23. Re3 Re6 24. Rg3 Rb8 25. Rg5 Qd3 26. f5 Rh6 27. e6 f6 28. Rg3 Qe4 29. Qf4 Qxf4 30. Rxf4 Rb1+ 31. Kf2 Rb2+ 32. Ke3 Rxh2 33. Bxf6 Rhxg2 34. Rxg2 Rxg2 35. Be5 Bd5 36. Bxc7 g6 37. Kd4 Rd2+ 38. Ke5 gxf5 39. Rxf5 Bc6 40. Rg5+ Kh8 41. Kf6 h6 42. Rg3 Rxa2 43. Be5 Re2 44. e7 h5 45. Ke6+ Kh7 46. Kd6 Bb5 47. Rg7+ Kh6 48. Rg8 h4 49. e8Q Bxe8 50. Rxe8 Kg6 51. Rh8 Kf5 52. Bd4 Kg4 53. c6 1-0

[Event "Titled Tuesday intern op 27th Feb Late"]
[Site "Chess.com INT"]
[Date "2024.02.27"]
[Round "3"]
[White "Filgueira, Hernan"]
[Black "Meduri, Aakaash"]
[Result "0-1"]
[WhiteElo "2283"]
[BlackElo "1989"]
[PlyCount "72"]
[EventDate "2024.02.27"]
[EventType "swiss (blitz)"]
[EventRounds "11"]
[EventCountry "USA"]
[SourceTitle "CB10_2024"]
[SourceDate "2024.03.06"]
[SourceVersion "1"]
[SourceVersionDate "2024.03.06"]
[SourceQuality "1"]

1. e4 d6 2. d4 Nf6 3. Nc3 e5 4. Nf3 Nbd7 5. Bc4 Be7 6. 0-0 0-0 7. Re1 c6 8. a4 b6 9. Ba2 h6 10. d5 Bb7 11. dxc6 Bxc6 12. Nd5 Nxd5 13. Bxd5 Rc8 14. Bxc6 Rxc6 15. c3 a5 16. Be3 Nc5 17. Bxc5 Rxc5 18. Re2 f5 19. exf5 Rxf5 20. Nd2 d5 21. Nb3 Rc6 22. Rd2 Rd6 23. Qc2 Rdf6 24. Rad1 Qf8 25. Rf1 Qf7 26. Qd1 Kh8 27. Rxd5 Rxf2 28. Rxf2 Rxf2 29. Rd2 Rf4 30. Re2 e4 31. g3 Rg4 32. Nd4 Bc5 33. Rf2 Qg6 34. Qe2 h5 35. Kg2 h4 36. Kh3 Rxg3+ 0-1

[Event "Titled Tuesday intern op 27th Feb Late"]
[Site "Chess.com INT"]
[Date "2024.02.27"]
[Round "8"]
[White "Goncalves, Nata"]
[Black "Filgueira, Hernan"]
[Result "0-1"]
[WhiteElo "1998"]
[BlackElo "2283"]
[PlyCount "70"]
[EventDate "2024.02.27"]
[EventType "swiss (blitz)"]
[EventRounds "11"]
[EventCountry "USA"]
[SourceTitle "CB10_2024"]
[SourceDate "2024.03.06"]
[SourceVersion "1"]
[SourceVersionDate "2024.03.06"]
[SourceQuality "1"]

1. c4 e5 2. g3 Nf6 3. Bg2 h6 4. Nf3 Nc6 5. Nc3 Bb4 6. Nd5 Bc5 7. e3 a6 8. 0-0 Ba7 9. Re1 0-0 10. b3 d6 11. Nxf6+ Qxf6 12. Bb2 Qe7 13. d4 e4 14. Nd2 f5 15. f3 Nb4 16. fxe4 Nd3 17. Qc2 Nxe1 18. Rxe1 c5 19. d5 Bd7 20. Rf1 fxe4 21. Bxe4 Rxf1+ 22. Kxf1 Rf8+ 23. Kg2 Qf7 24. Bf3 Bb6 25. e4 Ba5 26. Bc3 Bd8 27. e5 dxe5 28. Bxe5 Bg5 29. Bf4 Bxf4 30. gxf4 Qxf4 31. Qd3 Qg5+ 32. Kf2 Qh4+ 33. Kg2 Bh3+ 34. Kg1 Qe1+ 35. Nf1 Bxf1 0-1

[Event "Titled Tuesday intern op 13th Feb Late"]
[Site "Chess.com INT"]
[Date "2024.02.13"]
[Round "1"]
[White "Chigaev, Maksim"]
[Black "Filgueira, Hernan"]
[Result "1-0"]
[WhiteElo "2622"]
[BlackElo "2283"]
[PlyCount "67"]
[EventDate "2024.02.13"]
[EventType "swiss (blitz)"]
[EventRounds "11"]
[EventCountry "USA"]
[SourceTitle "CB08_2024"]
[SourceDate "2024.02.21"]
[SourceVersion "1"]
[SourceVersionDate "2024.02.21"]
[SourceQuality "1"]

1. d4 Nf6 2. c4 e6 3. Nc3 Bb4 4. Nf3 c5 5. Bg5 h6 6. Bh4 cxd4 7. Nxd4 Nc6 8. e3 Qa5 9. Rc1 Ne4 10. Qc2 f5 11. Bd3 Nxc3 12. bxc3 Ba3 13. Rb1 0-0 14. 0-0 a6 15. Bg3 Be7 16. Rfe1 Bf6 17. Bd6 Rf7 18. c5 Ne5 19. Bf1 g5 20. Rb6 Rg7 21. a4 Nf7 22. Reb1 Nxd6 23. cxd6 Qc5 24. g3 f4 25. Bg2 Rb8 26. Rxa6 fxe3 27. fxe3 Qe5 28. Qd2 g4 29. Rb5 bxa6 30. Rxb8 Qxd6 31. Rxc8+ Kf7 32. Nb3 Qxd2 33. Nxd2 Bxc3 34. Rxc3 1-0

[Event "Titled Tuesday intern op 13th Feb Late"]
[Site "Chess.com INT"]
[Date "2024.02.13"]
[Round "11"]
[White "Filgueira, Hernan"]
[Black "Bardyk, Artem"]
[Result "1/2-1/2"]
[WhiteElo "2283"]
[BlackElo "2192"]
[PlyCount "75"]
[EventDate "2024.02.13"]
[EventType "swiss (blitz)"]
[EventRounds "11"]
[EventCountry "USA"]
[SourceTitle "CB08_2024"]
[SourceDate "2024.02.21"]
[SourceVersion "1"]
[SourceVersionDate "2024.02.21"]
[SourceQuality "1"]

1. e4 b6 2. d4 Bb7 3. Nc3 e6 4. a3 Nf6 5. Bd3 d5 6. e5 Nfd7 7. Nf3 c5 8. 0-0 Nc6 9. Re1 Be7 10. Nb5 g5 11. dxc5 g4 12. Nfd4 Nxd4 13. Nxd4 bxc5 14. Nb5 h5 15. Bf4 c4 16. Bf1 Qb6 17. Nd6+ Bxd6 18. exd6 Rg8 19. b3 h4 20. bxc4 dxc4 21. Rb1 Qc6 22. Rb4 Nb6 23. Qd4 Rc8 24. Qf6 Nd5 25. Qxh4 Qd7 26. Bg3 Nxb4 27. axb4 Qd8 28. Qh7 Qg5 29. d7+ Kxd7 30. Qxf7+ Qe7 31. Rd1+ Bd5 32. Rxd5+ exd5 33. Qxd5+ Ke8 34. Qxg8+ Kd7 35. Qd5+ Ke8 36. Qg8+ Kd7 37. Qd5+ Ke8 38. Qg8+ 1/2-1/2

[Event "Titled Tuesday intern op 13th Feb Late"]
[Site "Chess.com INT"]
[Date "2024.02.13"]
[Round "7"]
[White "Jelcic, Marko"]
[Black "Filgueira, Hernan"]
[Result "0-1"]
[WhiteElo "2209"]
[BlackElo "2283"]
[PlyCount "72"]
[EventDate "2024.02.13"]
[EventType "swiss (blitz)"]
[EventRounds "11"]
[EventCountry "USA"]
[SourceTitle "CB08_2024"]
[SourceDate "2024.02.21"]
[SourceVersion "1"]
[SourceVersionDate "2024.02.21"]
[SourceQuality "1"]

1. d4 Nf6 2. c4 e6 3. Nc3 Bb4 4. Bd2 Bxc3 5. Bxc3 Ne4 6. Qc2 Nxc3 7. Qxc3 d6 8. Nf3 Nd7 9. e3 Qe7 10. Bd3 e5 11. Bc2 0-0 12. 0-0 Re8 13. b4 Nf6 14. c5 Bg4 15. Nd2 exd4 16. Qxd4 dxc5 17. Qxc5 Rad8 18. Qxe7 Rxe7 19. Nb3 Nd5 20. h3 Nxb4 21. hxg4 Nxc2 22. Rac1 Nb4 23. Rc4 Nd3 24. Na5 Ne5 25. Re4 b6 26. Nb3 c5 27. a4 Kf8 28. a5 Rd3 29. Rb1 Nd7 30. Rc4 g5 31. Kf1 Ne5 32. Ra4 Red7 33. axb6 axb6 34. Ra8+ Kg7 35. Ke2 Rc3 36. Rb2 Nc4 0-1

[Event "Titled Tuesday intern op 06th Feb Late"]
[Site "Chess.com INT"]
[Date "2024.02.06"]
[Round "3"]
[White "Filgueira, Hernan"]
[Black "Liu, Kelsey"]
[Result "1-0"]
[WhiteElo "2283"]
[BlackElo "1904"]
[PlyCount "51"]
[EventDate "2024.02.06"]
[EventType "swiss (blitz)"]
[EventRounds "11"]
[EventCountry "USA"]
[SourceTitle "CB07_2024"]
[SourceDate "2024.02.14"]
[SourceVersion "1"]
[SourceVersionDate "2024.02.14"]
[SourceQuality "1"]

1. e4 c5 2. Nc3 Nc6 3. f4 g6 4. Nf3 Bg7 5. Bb5 Nd4 6. 0-0 a6 7. Bd3 Nf6 8. Nxd4 cxd4 9. Ne2 d6 10. b3 0-0 11. Bb2 e5 12. c3 dxc3 13. Nxc3 Qb6+ 14. Kh1 Bg4 15. Be2 Bxe2 16. Qxe2 exf4 17. Rxf4 Rae8 18. Rxf6 Bxf6 19. Nd5 Bxb2 20. Nxb6 Bxa1 21. Nd7 Rc8 22. g3 Rc1+ 23. Kg2 Rfc8 24. Nb6 R8c2 25. Nd5 Bc3 26. Nxc3 1-0

[Event "Titled Tuesday intern op 06th Feb Late"]
[Site "Chess.com INT"]
[Date "2024.02.06"]
[Round "6"]
[White "Maltsevskaya, Aleksandra"]
[Black "Filgueira, Hernan"]
[Result "0-1"]
[WhiteElo "2374"]
[BlackElo "2283"]
[PlyCount "128"]
[EventDate "2024.02.06"]
[EventType "swiss (blitz)"]
[EventRounds "11"]
[EventCountry "USA"]
[SourceTitle "CB07_2024"]
[SourceDate "2024.02.14"]
[SourceVersion "1"]
[SourceVersionDate "2024.02.14"]
[SourceQuality "1"]

1. e4 c5 2. Nf3 Nc6 3. d4 cxd4 4. Nxd4 g6 5. c4 Nf6 6. Nc3 d6 7. f3 Nxd4 8. Qxd4 Bg7 9. Be3 0-0 10. Qd2 a5 11. Be2 a4 12. 0-0 Bd7 13. b3 Qa5 14. Rac1 Rfc8 15. Rfd1 axb3 16. axb3 Qb4 17. Bd4 Be6 18. Bxf6 Bxf6 19. Nd5 Qxd2 20. Nxf6+ Kg7 21. Rxd2 Kxf6 22. Kf1 b5 23. Kf2 bxc4 24. bxc4 Ra4 25. Rdc2 g5 26. g3 Ke5 27. Ke3 Ra3+ 28. Bd3 Kf6 29. f4 gxf4+ 30. gxf4 Rb8 31. Kd4 Rbb3 32. e5+ Kg7 33. Be4 dxe5+ 34. fxe5 Ra4 35. Rg1+ Kh6 36. Bd5 Bf5 37. Rf2 e6 38. Rf4 Rh3 39. Be4 Bg6 40. Bxg6 fxg6 41. Kc5 Rxh2 42. Kd6 Ra6+ 43. Ke7 Rc6 44. Kf6 Rh5 45. Rg2 Rh3 46. Rd2 g5 47. Re4 Rf3+ 48. Ke7 Rf4 49. Rxf4 gxf4 50. Kf6 Kh5 51. Rd6 Rxc4 52. Kxe6 Kg4 53. Kd5 Rc1 54. e6 Re1 55. Rd8 f3 56. Rg8+ Kh3 57. Kd6 f2 58. Rg7 f1Q 59. Rxh7+ Kg2 60. Rg7+ Kh3 61. e7 Rd1+ 62. Ke6 Qe2+ 63. Kf7 Rd7 64. Kg8 Rxe7 0-1

[Event "Titled Tuesday intern op 06th Feb Late"]
[Site "Chess.com INT"]
[Date "2024.02.06"]
[Round "9"]
[White "Pinero Rodriguez, Carlos Jose"]
[Black "Filgueira, Hernan"]
[Result "1-0"]
[WhiteElo "2242"]
[BlackElo "2283"]
[PlyCount "107"]
[EventDate "2024.02.06"]
[EventType "swiss (blitz)"]
[EventRounds "11"]
[EventCountry "USA"]
[SourceTitle "CB07_2024"]
[SourceDate "2024.02.14"]
[SourceVersion "1"]
[SourceVersionDate "2024.02.14"]
[SourceQuality "1"]

1. e4 d6 2. d4 Nf6 3. Nc3 c6 4. f3 Qa5 5. Be3 e5 6. Qd2 h5 7. h4 Be7 8. 0-0-0 Nbd7 9. Kb1 b5 10. Nh3 b4 11. Ne2 Rb8 12. Ng5 Qc7 13. Ng3 g6 14. Ne2 a5 15. Nc1 a4 16. dxe5 Nxe5 17. f4 Neg4 18. Bc4 0-0 19. Rhe1 d5 20. exd5 cxd5 21. Bxd5 Nxd5 22. Qxd5 Bf5 23. Nd3 b3 24. cxb3 axb3 25. Ka1 Nf6 26. Qe5 Qb7 27. Bc5 Qa6 28. a3 Bxc5 29. Nxc5 Qa7 30. Qxf6 Qxc5 31. Qe5 Qa7 32. Ne4 Bxe4 33. Qxe4 Rfe8 34. Qxe8+ Rxe8 35. Rxe8+ Kg7 36. Ree1 Qf2 37. Rg1 Qxf4 38. g3 Qc4 39. Rc1 Qd4 40. Rgf1 Qe3 41. Rc3 Qe2 42. Rfc1 Qb5 43. Rc5 Qd3 44. R5c3 Qb5 45. Rc4 Qb7 46. Rb4 Qf3 47. a4 Qxg3 48. Rbc4 Qe3 49. R4c3 Qa7 50. Rc4 Qe3 51. R1c3 Qe1+ 52. Rc1 Qa5 53. R1c3 Qa6 54. Kb1 1-0

[Event "Titled Tuesday intern op 23rd Jan Late"]
[Site "Chess.com INT"]
[Date "2024.01.23"]
[Round "6"]
[White "Filgueira, Hernan"]
[Black "Sliwicki, Damian"]
[Result "1-0"]
[WhiteElo "2283"]
[BlackElo "2091"]
[PlyCount "61"]
[EventDate "2024.01.23"]
[EventType "swiss (blitz)"]
[EventRounds "11"]
[EventCountry "USA"]
[SourceTitle "CB05_2024"]
[SourceDate "2024.01.31"]
[SourceVersion "1"]
[SourceVersionDate "2024.01.31"]
[SourceQuality "1"]

1. e4 e5 2. Nf3 d6 3. Bc4 Be7 4. d3 Nf6 5. a4 h6 6. h3 c6 7. Ba2 Qc7 8. Nbd2 Nbd7 9. Nf1 Nf8 10. Ng3 Bd7 11. Bd2 Ng6 12. 0-0 0-0 13. Nf5 Bxf5 14. exf5 Nf4 15. Bxf4 exf4 16. Nh2 d5 17. Ng4 Nxg4 18. Qxg4 Qe5 19. c4 d4 20. Rae1 Qc7 21. c5 Bxc5 22. f6 g5 23. Qh5 Kh7 24. h4 Rg8 25. Re7 Bxe7 26. Qxf7+ Kh8 27. fxe7 gxh4 28. e8Q Raxe8 29. Qxc7 Rg7 30. Qxf4 h3 31. g3 1-0

[Event "Titled Tuesday intern op 23rd Jan Late"]
[Site "Chess.com INT"]
[Date "2024.01.23"]
[Round "2"]
[White "Harriott, Tyrell"]
[Black "Filgueira, Hernan"]
[Result "1-0"]
[WhiteElo "1802"]
[BlackElo "2283"]
[PlyCount "95"]
[EventDate "2024.01.23"]
[EventType "swiss (blitz)"]
[EventRounds "11"]
[EventCountry "USA"]
[SourceTitle "CB05_2024"]
[SourceDate "2024.01.31"]
[SourceVersion "1"]
[SourceVersionDate "2024.01.31"]
[SourceQuality "1"]

1. d4 Nf6 2. e3 e6 3. Bd3 c5 4. c3 b6 5. f4 Ba6 6. Nf3 Bxd3 7. Qxd3 cxd4 8. exd4 Nc6 9. 0-0 Be7 10. f5 0-0 11. Nbd2 Rb8 12. Ne4 Nxe4 13. Qxe4 d5 14. Qg4 exf5 15. Qxf5 Bf6 16. Ng5 Bxg5 17. Bxg5 Qd6 18. Bf4 Qd8 19. Bxb8 Nxb8 20. Rae1 Nd7 21. Qg4 Nf6 22. Qf5 b5 23. a3 a5 24. Re5 b4 25. axb4 axb4 26. h3 bxc3 27. bxc3 Qc7 28. Rf3 Rb8 29. Qf4 h6 30. Qg3 Rb1+ 31. Kh2 Qd8 32. Qf4 Qa8 33. Qe3 Ne4 34. Re7 Qa1 35. Rxe4 dxe4 36. Qxe4 Rh1+ 37. Kg3 Qa7 38. Qe8+ Kh7 39. Qxf7 Qb8+ 40. Qf4 Qb6 41. Qf5+ Qg6+ 42. Qxg6+ Kxg6 43. Rd3 Kf5 44. d5 Ke4 45. Rd4+ Ke5 46. d6 Rc1 47. Rd3 Ke4 48. d7 1-0

[Event "Titled Tuesday intern op 23rd Jan Late"]
[Site "Chess.com INT"]
[Date "2024.01.23"]
[Round "7"]
[White "Reprintsev, Alexander"]
[Black "Filgueira, Hernan"]
[Result "1-0"]
[WhiteElo "2234"]
[BlackElo "2283"]
[PlyCount "63"]
[EventDate "2024.01.23"]
[EventType "swiss (blitz)"]
[EventRounds "11"]
[EventCountry "USA"]
[SourceTitle "CB05_2024"]
[SourceDate "2024.01.31"]
[SourceVersion "1"]
[SourceVersionDate "2024.01.31"]
[SourceQuality "1"]

1. e4 c5 2. b3 e5 3. Bb2 d6 4. f4 exf4 5. Qf3 Ne7 6. Ne2 h5 7. Nxf4 Bg4 8. Qe3 Nbc6 9. Bb5 a6 10. Bxc6+ bxc6 11. h3 Be6 12. 0-0 Qd7 13. Nc3 Rh6 14. Na4 Rb8 15. Nxe6 Qxe6 16. d3 f6 17. c4 h4 18. Nc3 Ng6 19. Ne2 Ne5 20. Nf4 Qd7 21. Rad1 Be7 22. d4 cxd4 23. Bxd4 g5 24. Bxe5 fxe5 25. Nd3 Qe6 26. Rf5 Rg6 27. Rdf1 g4 28. c5 gxh3 29. Qxh3 dxc5 30. Nxe5 Rh6 31. Qg4 c4 32. Qg7 1-0

[Event "Titled Tuesday intern op 16th Jan Early"]
[Site "Chess.com INT"]
[Date "2024.01.16"]
[Round "10"]
[White "Akobian, Varuzhan"]
[Black "Filgueira, Hernan"]
[Result "1/2-1/2"]
[WhiteElo "2571"]
[BlackElo "2283"]
[PlyCount "104"]
[EventDate "2024.01.16"]
[EventType "swiss (blitz)"]
[EventRounds "11"]
[EventCountry "USA"]
[SourceTitle "CB04_2024"]
[SourceDate "2023.10.16"]
[SourceVersion "1"]
[SourceVersionDate "2023.10.16"]
[SourceQuality "1"]

1. d4 Nf6 2. c4 e6 3. Nf3 c5 4. d5 exd5 5. cxd5 d6 6. Nc3 g6 7. Bf4 Bg7 8. Qa4+ Bd7 9. Qb3 0-0 10. Bxd6 Re8 11. Bxc5 Na6 12. Bd4 Qa5 13. e3 b5 14. Bxb5 Rab8 15. a4 Bxb5 16. Bxa7 Rb7 17. Nd4 Rxa7 18. Qxb5 Nb4 19. 0-0 Qxb5 20. Ndxb5 Rd7 21. Rad1 Nfxd5 22. Nxd5 Rxd5 23. Rxd5 Nxd5 24. Rd1 Nb6 25. b3 Bf8 26. a5 Na8 27. Kf1 Re5 28. Rd8 Rxb5 29. Rxa8 Rxb3 30. a6 Rb2 31. g3 Ra2 32. h3 h5 33. g4 hxg4 34. hxg4 Kg7 35. Ra7 Bc5 36. Rc7 Bb6 37. Rc6 Rxa6 38. Kg2 Kf8 39. g5 Kg7 40. Kf3 Ra5 41. Rxb6 Rxg5 42. Rb4 Rf5+ 43. Rf4 Ra5 44. Re4 f5 45. Re6 Kf7 46. Rb6 g5 47. Kg3 Ra4 48. f3 Ra3 49. Kf2 Ra2+ 50. Kg3 Ra3 51. Kf2 Ra2+ 52. Kg3 Ra3 1/2-1/2

[Event "Titled Tuesday intern op 16th Jan Late"]
[Site "Chess.com INT"]
[Date "2024.01.16"]
[Round "3"]
[White "Filgueira, Hernan"]
[Black "Romero Ruscalleda, Josep"]
[Result "1-0"]
[WhiteElo "2283"]
[BlackElo "2160"]
[PlyCount "57"]
[EventDate "2024.01.16"]
[EventType "swiss (blitz)"]
[EventRounds "11"]
[EventCountry "USA"]
[SourceTitle "CB04_2024"]
[SourceDate "2023.10.16"]
[SourceVersion "1"]
[SourceVersionDate "2023.10.16"]
[SourceQuality "1"]

1. d4 g6 2. e4 Bg7 3. c3 d6 4. Nf3 Nf6 5. Qc2 0-0 6. Be2 b6 7. 0-0 Bb7 8. Nbd2 Nbd7 9. e5 dxe5 10. dxe5 Ng4 11. e6 fxe6 12. Ng5 Nc5 13. Bxg4 Qd5 14. Ngf3 h5 15. c4 Qc6 16. Bh3 g5 17. Qg6 g4 18. Ng5 Rf6 19. Qxh5 gxh3 20. Qh7+ Kf8 21. Qxh3 Rg6 22. f4 Bd4+ 23. Kh1 Nd3 24. Ndf3 Nf2+ 25. Rxf2 Bxf2 26. Qh8+ Rg8 27. Nh7+ Kf7 28. Ne5+ Ke8 29. Qxg8# 1-0

[Event "Titled Tuesday intern op 16th Jan Late"]
[Site "Chess.com INT"]
[Date "2024.01.16"]
[Round "9"]
[White "Heberla, Bartlomiej"]
[Black "Filgueira, Hernan"]
[Result "1-0"]
[WhiteElo "2546"]
[BlackElo "2283"]
[PlyCount "55"]
[EventDate "2024.01.16"]
[EventType "swiss (blitz)"]
[EventRounds "11"]
[EventCountry "USA"]
[SourceTitle "CB04_2024"]
[SourceDate "2023.10.16"]
[SourceVersion "1"]
[SourceVersionDate "2023.10.16"]
[SourceQuality "1"]

1. e4 c5 2. Nc3 e6 3. f4 Ne7 4. Nf3 a6 5. d4 cxd4 6. Qxd4 Nec6 7. Qf2 d6 8. Be3 Nd7 9. 0-0-0 b5 10. Qg3 Rb8 11. f5 Nde5 12. Nxe5 Nxe5 13. Bd4 f6 14. Be2 Nf7 15. fxe6 Bxe6 16. Bg4 Bxg4 17. Qxg4 Qd7 18. Qh5 g6 19. Qf3 Bg7 20. Nd5 Ne5 21. Qxf6 Rf8 22. Qh4 h6 23. Rhf1 g5 24. Qh5+ Rf7 25. Rf5 Kf8 26. Rdf1 Rxf5 27. Rxf5+ Kg8 28. Bxe5 1-0